000 00317nam a2200133Ia 4500
008 150201s2007 xx 000 0 und d
082 _a617.96
_bA07A
100 _aAITKENHEAD, ALAN R
245 _aTB OF ANAESTHESIA
250 _a5TH
260 _bCHURCHILL
_aDELHI
_c2007
650 _aANAESTHESIOLOGY
942 _2ddc
_cBK
999 _c700
_d700